| 000 | 00487 a2200181 4500 | ||
|---|---|---|---|
| 003 | OSt | ||
| 005 | 20240205112031.0 | ||
| 008 | 240205b |||||||| |||| 00| 0 eng d | ||
| 020 | _a9788196448813 | ||
| 040 | _coclc | ||
| 082 |
_a925 _bALB/T |
||
| 100 |
_aAlby, P. V _910374 |
||
| 245 |
_aThe Milkman of India / _cP. V. Alby |
||
| 250 | _a1st ed. | ||
| 260 |
_aKOZHIKODE: _bTWINKLE BOOKS, _c2022. |
||
| 300 | _a112P. | ||
| 942 |
_2ddc _cBK _h925 _iALB/T _k925 _mALB/T |
||
| 999 |
_c44275 _d44275 |
||